Bývanie a životné podmienky Rómov na Slovensku

Slovensko odhadom patrí medzi krajiny Európy, kde je podiel rómskej populácie na celkovom počte obyvateľstva jeden z najvyšších. Analýza riešenia problému bývania a životných podmienok Rómov na území Slovenska. Na riešenie tohto problému bola využitá štatistická metóda, zhluková analýza. Pomocou ne...

Ausführliche Beschreibung

Gespeichert in:
Bibliographische Detailangaben
1. Verfasser: Sivašová, Daniela, 1955-
Format: Buchkapitel
Sprache:Slowakisch
Schlagworte:
Tags: Tag hinzufügen
Keine Tags, Fügen Sie das erste Tag hinzu!

MARC

LEADER 00000nla a2200000 4500
001 0237787
005 20240502073838.9
041 0 |a slo 
044 |a SK 
245 1 0 |a Bývanie a životné podmienky Rómov na Slovensku  |c Daniela Sivašová 
520 |a Slovensko odhadom patrí medzi krajiny Európy, kde je podiel rómskej populácie na celkovom počte obyvateľstva jeden z najvyšších. Analýza riešenia problému bývania a životných podmienok Rómov na území Slovenska. Na riešenie tohto problému bola využitá štatistická metóda, zhluková analýza. Pomocou nej boli sledované obce zaradené do štyroch zhlukov podľa sledovaných ukazovateľov životnej úrovne. Výsledky zhlukovej analýzy môžu štátne orgány využiť na posúdenie prioritného smerovania hmotnej podpory pre tieto obce. 
610 2 0 |a analýza zhluková 
610 2 0 |a metódy štatistické 
610 2 0 |a Rómovia 
610 2 0 |a bývanie 
610 2 0 |a Slovensko 
610 2 0 |a podmienky životné 
100 1 |a Sivašová, Daniela, 1955-